000 00893nam a22002897a 4500
003 CHAP
005 20220329140542.0
008 971013s1982 r 00010 d
010 _a53800
011 _a54772
035 _a58923
040 _cCHAP
082 _a581.5
_bW44
100 0 0 _aWhittaker, Robert H.
_eed.
_9121778
245 _aordination of plant communities
260 _aLondon :
_bJunk,
_c1982
300 _a387 p.
_b; gráfs.
590 _aBATCH-UPD
_b10
_c20130110
_lUCH01
_h0700
590 _aBATCH-UPD
_b10
_c20130410
_lUCH01
_h0345
590 _aBATCH-UPD
_b10
_c20130914
_lUCH01
_h1251
590 _aCONVERSION
_b10
_c20130109
_lUCH01
_h1329
650 1 4 _aEcología vegetal.
_935188
901 _aBK
942 _cLIBRO
949 _a581.5 W44
_bBC
_cLIBRO
_d33724000541058
_eLIBRO
_fc.2
_h58733
_i58923
_si
949 _a581.5 W44
_bBC
_cLIBRO
_d33724000541066
_eLIBRO
_h58732
_i58923
_si
999 _c53800
_d53800